| 000 | 01512nam0a2200373 4500 | ||
|---|---|---|---|
| 001 | RU\NLR\bibl\1822588 | ||
| 005 | 20260409072302.0 | ||
| 010 |
_a978-5-88017-243-6 _910000 |
||
| 021 |
_aRU _b2011-72640 _95157 |
||
| 035 | _a(NLR Aleph) 001813139 | ||
| 035 | _a(nilc)RSL-KNO-005026487 | ||
| 090 |
_a1900287 _c1900287 |
||
| 100 | _a20110919d2011 u y0rusy50 ca | ||
| 101 | 0 | _arus | |
| 102 | _aRU | ||
| 105 | _ay zzzz||||| | ||
| 200 | 1 |
_aБорьба с грехами: из духовного опыта святого праведного Иоанна Кронштадтского _fсвящ. Павел Кондраков |
|
| 210 |
_aМосква _cИзд-во Московской Патриархии Русской православной церкви _d2011 |
||
| 215 |
_a109, [2] с. _d17 |
||
| 225 | 1 | _aСерия "Православие в жизни" | |
| 320 | _aБиблиогр.: с. 110 (10 назв.) и в подстроч. примеч. | ||
| 606 |
_aГрех (религ.) _3RU\NLR\auth\66993402 _91581792 |
||
| 686 |
_aЭ372.24-574.8Иоанн Кронштадтский,088 _2rubbk |
||
| 686 |
_aЭ372.24-433.222,088 _2rubbk |
||
| 686 | _aЭ372.24-433.222 | ||
| 700 | 1 |
_4070 _8rus _7ca _aКондраков _bП. _gПавел _3RU\NLR\auth\7784896 _967824 |
|
| 801 | 0 |
_aRU _bRuMoRKP _c20110919 _grcr |
|
| 801 | 1 |
_aRU _bРГБ _c20110919 |
|
| 801 | 2 |
_aRU _bNLR _c20111018 _grcr |
|
| 942 | _cBOOK | ||
| 980 | _aNB | ||
| 980 | _aNBR | ||